Corpus Iuris Canonici Emendatum et Notis Illustratum Gregorii XIII Pont. Max. Iussu Editum Libro VII Decretalium et IO Pauli Lancelotti Institutionibus Adauctum Accesserunt Loci Communes Uberrimi et Indices Titulorum Canonumque Omnium fumma diligencia ac nova methodo concinnati. (Record no. 10914)

MARC details
000 -CABECERA
campo de control de longitud fija 02772nam a22002777a 4500
001 - NÚMERO DE CONTROL
campo de control BRCA_9294
003 - IDENTIFICADOR DEL NÚMERO DE CONTROL
campo de control FranzMayer
005 - FECHA Y HORA DE LA ÚLTIMA TRANSACCIÓN
campo de control 20230724140035.0
008 - DATOS DE LONGITUD FIJA--INFORMACIÓN GENERAL
campo de control de longitud fija 230724b |||||||| |||| 00| 0 eng d
040 ## - FUENTE DE LA CATALOGACIÓN
Centro catalogador/agencia de origen MFM
Lengua de catalogación esp
Centro/agencia transcriptor MFM
050 #4 - SIGNATURA TOPOGRÁFICA DE LA BIBLIOTECA DEL CONGRESO
Número de clasificación CO49
Número de documento/Ítem L36 1776
082 ## - NÚMERO DE LA CLASIFICACIÓN DECIMAL DEWEY
Número de edición BX1895.C6
100 1# - ENTRADA PRINCIPAL--NOMBRE DE PERSONA
Código de función/relación Autor
Nombre de persona Lancelotti, Pauli
9 (RLIN) 28959
240 1# - TÍTULO UNIFORME
Título uniforme Corpus Iuris Canonici Emendatum et Notis Illustratum Gregorii XIII Pont. Max Iussu Editum Libro VII Decretalium et IO. Pauli Lancelotti Institutionibus Adauctum Accesserunt Loci Communes Uberrimi et Indices Titulorum canonumque omnium fumma diligrntia ac nova methodo concinnati.
Medio Tomus Primus. Editio magna fide a mendis purgata, ad meliorem ordinem, et ad antiqua exemplaria redacta, cui plura funt adiecta maioris difunctionis gratia, quaeque nunc primum cum Pithoeana editione collata per parvas notas afteriftis indicatas urramque et Pithoeanam, er Colonienfem complectitur
Lenguaje de la obra Latín
245 0# - MENCIÓN DE TÍTULO
Título Corpus Iuris Canonici Emendatum et Notis Illustratum Gregorii XIII Pont. Max. Iussu Editum Libro VII Decretalium et IO Pauli Lancelotti Institutionibus Adauctum Accesserunt Loci Communes Uberrimi et Indices Titulorum Canonumque Omnium fumma diligencia ac nova methodo concinnati.
Resto del título Tomus Primus. Editio magna dide a mendis purgata, ad meliorem ordinem, et ad antiqua exemplaria redacta, cui plura funt adiecta maioris diftinctionis gratia, quaeque nunc primum cum Pithoeana editione collata per parvas notas afterifcis indicatas utramque et Pithoeanam, et Colonienfem complectitur
260 ## - PUBLICACIÓN, DISTRIBUCIÓN, ETC.
Lugar de publicación, distribución, etc. Reyno de Augusto
Nombre del editor, distribuidor, etc. Ex Typographia Regia
Fecha de publicación, distribución, etc. 1776
300 ## - DESCRIPCIÓN FÍSICA
Extensión 1279
Dimensiones 27 cm
440 ## - MENCIÓN DE SERIE/PUNTO DE ACCESO ADICIONAL--TÍTULO
Título Corpus Iuris Canonici Eemendatum et Notis Illustratum Gregorii XIII Pont. Max. Iussu Editum Libro VII Decretalium et IO Pauli Lancelotti Institutionibus Adauctum Accesserunt Loci Communes Uberrimi et Indices Titulorum Canonumque Omnium fumma diligentia ac nova methodo concinnati
Número de parte o sección de la obra Tomus Primus
Nombre de parte o sección de la obra Editio magna fide a mendis ourgata, ad meliorem ordinem, et ad antiqua exemplaria redacta, cui plura funt adiecta maioris diftintionis gratia, quaeque nunc primum cum Pithoeana editione collata per parvas notas afterifcis indicatas utramque et Pithoeanam, et Colonienfem complectitur.
Designación de volumen o secuencia Vol 1
9 (RLIN) 28960
500 ## - NOTA GENERAL
Nota general El libro contiene una anotación con tinta en la cubierta interior que se encuentra tachada.
500 ## - NOTA GENERAL
Nota general Varias hojas del libro presentan daños como cortes o manchas
500 ## - NOTA GENERAL
Nota general El libro corre riesgo de desprenderse
505 ## - NOTA DE CONTENIDO CON FORMATO
Nota de contenido con formato Texto en: latínDirigido a: Obispos, clérigos, personas pertenecientes a la iglesia católica. Incluye índice temático.
650 1# - PUNTO DE ACCESO ADICIONAL DE MATERIA--TÉRMINO DE MATERIA
Fuente del encabezamiento o término Religión cristiana
Término de materia o nombre geográfico como elemento de entrada Católica
Subdivisión de forma Iglesia
9 (RLIN) 28961
651 2# - PUNTO DE ACCESO ADICIONAL DE MATERIA--NOMBRE GEOGRÁFICO
Fuente del encabezamiento o término Organización eclesiástica
Nombre geográfico Cardinales
Subdivisión de forma Derecho canónico
9 (RLIN) 28962
942 ## - ELEMENTOS DE PUNTO DE ACCESO ADICIONAL (KOHA)
Fuente del sistema de clasificación o colocación Library of Congress Classification
Tipo de ítem Koha Libros
Holdings
Estado de retiro Estado de pérdida Fuente del sistema de clasificación o colocación Estado dañado No para préstamo Código de colección Localización permanente Ubicación/localización actual Fecha de adquisición Fuente de adquisición Total de préstamos Signatura topográfica completa Código de barras Fecha visto por última vez Precio válido a partir de Tipo de ítem Koha
El ejemplar forma parte de la colección y puede ser consultado según las políticas vigentes.   Library of Congress Classification     Conventual Franz Mayer Biblioteca del Museo Franz Mayer (Rogerio Casas-Alatriste) Biblioteca del Museo Franz Mayer (Rogerio Casas-Alatriste) 24/07/2023 Donación   CO49 L36 1776 CFM00530 24/07/2023 24/07/2023 Libros